000 00790nam a22003257a 4500
003 OSt
008 150515b xxu||||| |||| 00| 0 eng d
100 1 _aLindquist, H. L.
041 _aeng
050 0 0 _a383.2135S
245 1 0 _aThe Stamp Specialist
246 1 0 _aBrown Book (Number 10)
260 _aNew York, NY
_bH. L. Lindquist
300 _a128 pages
650 0 _aGeneral
650 0 _aUS Classic Issues
650 0 _aUS 1860 Issue
650 0 _aConfederate states
650 0 _aTexas
650 0 _aSouthern Express Co.
650 0 _aMississippi
650 0 _aPhilatelic History
650 0 _aCanada
650 0 _aPuerto Rico
650 0 _aRussia
650 0 _aNorth Carolina
650 0 _aPostmaster Provisional
650 0 _aUs 1861 Issue
650 0 _aColor
999 _c1466
_d1466